| 000 | 00719cam a2200253 4500 | ||
|---|---|---|---|
| 008 | 000000n2001 000 0 eng u | ||
| 020 | _a0406923647 | ||
| 035 | _a(Sirsi) u105876 | ||
| 050 | _a614.7026 | ||
| 100 | _aWaite, Andrew | ||
| 100 | _aJewell, Tim | ||
| 245 | _aEnvironmental law in property transactions. | ||
| 250 | _a2nd ed. | ||
| 260 |
_aLondon _bButterworths _c2001 |
||
| 300 | _axlvii, 467p. ; 24cm. | ||
| 350 | _a60.00 | ||
| 490 | _aButterworths Environmental Law | ||
| 520 | _aSuperseded by 3rd edition (ISBN 9781845921064). | ||
| 650 | _aCONVEYANCING | ||
| 650 | _aENVIRONMENTAL LAW | ||
| 650 | _aPROPERTY TRANSACTIONS | ||
| 690 | _aENVIRONMENTAL AND LAND CONSULTANCY | ||
| 942 | _n0 | ||
| 999 |
_c100489 _d100489 |
||